Normal view
MARC view
Entry Topical Term
001 - CONTROL NUMBER
- control field: 39234
003 - CONTROL NUMBER IDENTIFIER
- control field: ARRUPE
005 - DATE AND TIME OF LATEST TRANSACTION
- control field: 20180214151125.0
008 - FIXED-LENGTH DATA ELEMENTS
- fixed length control field: 180214|| aca||aabn | a|a d
040 ## - CATALOGING SOURCE
- Original cataloging agency: ARRUPE
- Transcribing agency: ARRUPE
150 ## - HEADING--TOPICAL TERM
- Topical term or geographic name as entry element: SWAPO
670 ## - SOURCE DATA FOUND
- Source citation: Work cat.: (ARRUPE)8325: Moleah, Alfred T 24767, Namibia, the struggle for liberation /, 1983